Central Library OPAC University of Rajshahi

Transformers/Edited by Alexander Schure (Record no. 14934)

MARC details
000 -LEADER
fixed length control field 00715nam a2200253I 4500
001 - CONTROL NUMBER
control field 14934
003 - CONTROL NUMBER IDENTIFIER
rucl marc code BD-RjUL
005 - DATE AND TIME OF LATEST TRANSACTION
control field 20211208235723.0
008 - FIXED-LENGTH DATA ELEMENTS--GENERAL INFORMATION
fixed length control field 140208r19661961enka b 000 0 eng
035 ## - SYSTEM CONTROL NUMBER
System control number (BD-RjUL)14988
040 ## - CATALOGING SOURCE
Original cataloging agency DLC
Transcribing agency BD-RjUL
Modifying agency BD-RjUL
Language of cataloging eng
041 ## - LANGUAGE CODE
Language code of text/sound track or separate title eng
082 ## - DEWEY DECIMAL CLASSIFICATION NUMBER
Classification number 621.314
Author mark and year TRA 1966
090 ## - LOCALLY ASSIGNED LC-TYPE CALL NUMBER (OCLC); LOCAL CALL NUMBER (OCLC)
Classification number (OCLC) (R) ; Classification number, CALL (RLIN) (NR) TK2551
Local cutter number (OCLC) ; Book number/undivided call number, CALL (RLIN) .C752
099 ## - LOCAL FREE-TEXT CALL NUMBER (OCLC)
Bangla Class number TK2551.C752
245 10 - TITLE STATEMENT
Title Transformers/Edited by Alexander Schure
260 ## - PUBLICATION, DISTRIBUTION, ETC. (IMPRINT)
Place of publication, distribution, etc. New york
Name of publisher, distributor, etc. John F. Rider Publisher
Date of publication, distribution, etc. [1961] reprinted 1966
300 ## - PHYSICAL DESCRIPTION
Pagination vi, 82 p.
Illustrations illus.
Size 21 cm.
490 ## - SERIES STATEMENT
Series statement Electronic Technology Series
504 ## - BIBLIOGRAPHY, ETC. NOTE
Bibliography, etc Includes bibliographies.
650 #0 - SUBJECT ADDED ENTRY--TOPICAL TERM
Topical term or geographic name as entry element Electric transformers.
9 (RLIN) 39223
942 ## - ADDED ENTRY ELEMENTS (KOHA)
Source of classification or shelving scheme Dewey Decimal Classification
Koha item type Books
Holdings
Lost status Source of classification or shelving scheme Damaged status Not for loan Collection code Permanent Location Current Location Shelving location Date acquired Source of acquisition Cost, normal purchase price Total Checkouts Full call number Date last seen Copy number Koha item type
  Dewey Decimal Classification   Not For Loan Non-fiction Central Library, University of Rajshahi Central Library, University of Rajshahi Reading Room 06/11/1968 Book Center Dacca 12.00   621.314 TRA 1966 08/02/2014 C-1 Books